00421nam a2200169Ia 450000500170000000800410001702000240005804000190008204100120010108200110011310000170012424500340014126000330017530000100020865000230021885000100024120220820145628.0131103s9999 xx 000 0 und d a330438883cGBP 2.99 aLoreto College aEnglish aFbGRA aGrafton, Sue aS is for silencecSue Grafton aLondonbPan Paperbacksc2005 a434p  aFiction in English aLCLIB